Leadership and management development (Registro nro. 165198)

Detalles MARC
000 -ENCABEZADO
Número de control [NR] 01124nam a22002777a 4500
008 - DE LONGITUD FIJA DE DATOS DE ELEMENTOS - INFORMACIÓN GENERAL
Elementos de longitud fija [NR] 130821s2011 enka gr eng
020 ## - NUMERO INTERNACIONAL NORMALIZADO PARA LIBROS [R]
Número Internacional Normalizado del libro [NR] 0199580871
020 ## - NUMERO INTERNACIONAL NORMALIZADO PARA LIBROS [R]
Número Internacional Normalizado del libro [NR] 9780199580873
040 ## - FUENTE DE CATALOGACION [NR]
Agencia de catalogación original [NR] CO-BoUCM
Quien Cataloga
Quien Clasifica
Idioma de catalogación [NR] spa
041 00 - CODIGO DE IDIOMA [R]
Código de idioma para texto/pista de sonido o título separado [R] Inglés
245 00 - MENCION DE TITULO [NR]
Título [NR] Leadership and management development
Mención de responsabilidad, etc. [NR] Jan Carmichael ... [y otros]
260 ## - PUBLICACION, DISTRIBUCION, ETC. (PIE DE IMPRENTA) [R]
Lugar de publicación, distribución, etc. [R] Oxford (Oxfordshire, Inglaterra)
Nombre del editor, distribuidor, etc. [R] Oxford University Press
Fecha de publicación, distribución, etc. [R] 2011
300 ## - DESCRIPCION FISICA [R]
Extensión [R] xxiii, 399 páginas
Otros detalles físicos [NR] ilustraciones
504 ## - NOTA DE BIBLIOGRAFIA, ETC. [R]
Nota de bibliografía, etc. [NR] Incluye referencias bibliográficas e índices
650 #7 - ASIENTO SECUNDARIO DE MATERIA - TERMINO TEMATICO [R]
Término temático o nombre geográfico como elemento de entrada [NR] Capacitación de ejecutivos
9 (RLIN) 10438
650 #7 - ASIENTO SECUNDARIO DE MATERIA - TERMINO TEMATICO [R]
Término temático o nombre geográfico como elemento de entrada [NR] Comportamiento organizacional
9 (RLIN) 11292
650 #7 - ASIENTO SECUNDARIO DE MATERIA - TERMINO TEMATICO [R]
Término temático o nombre geográfico como elemento de entrada [NR] Liderazgo
Subdivisión general [R] Estudio y enseñanza
9 (RLIN) 33961
690 ## - ASUNTO AGREGADO LOCAL DE ENTRADA - TÉRMINO TEMÁTICO (OCLC, RLIN)
Acceso temático local Administración de empresas
9 (RLIN) 435
700 1# - ASIENTO SECUNDARIO - NOMBRE PERSONAL [R]
Nombre personal [NR] Carmichael, Jan
9 (RLIN) 33963
700 1# - ASIENTO SECUNDARIO - NOMBRE PERSONAL [R]
Nombre personal [NR] Collins, Chris
9 (RLIN) 33964
700 1# - ASIENTO SECUNDARIO - NOMBRE PERSONAL [R]
Nombre personal [NR] Emsell, Peter
9 (RLIN) 33965
700 1# - ASIENTO SECUNDARIO - NOMBRE PERSONAL [R]
Nombre personal [NR] Haydon, Jon
9 (RLIN) 33966
856 41 - LOCALIZACION Y ACCESO ELECTRONICOS [R]
Especificación de los materiales [NR] Consulte las tablas de contenido haciendo clic aquí
Identificador Uniforme del Recurso (“URI”) [R] <a href="http://www.loc.gov/catdir/enhancements/fy1110/2011285217-t.html">http://www.loc.gov/catdir/enhancements/fy1110/2011285217-t.html</a>
942 ## - ELEMENTOS DE ENTRADA AGREGADOS (KOHA)
Tipo de ítem principal el descrito en 300a Libro
Tema principal Administración
Edición 1
Parte restante de la signatura top. L434
Sistema de clasificación DEWEY
Clasificación 658.4092
Existencias
Fecha de último préstamo Total préstamos Total Renewals Signatura topográfica Código de barras Última vez visto Ejemplar Costo de reposición Price effective from Tipo de ítem Perdido Sistema de clasificación Dañado No prestable Tipo de ítem específico Suprimido Ubicación habitual Ubicación actual Localización Fecha de creación Proveedor Forma de adquisición Costo
29/07/2022 2 2 658.4092 L434 100132788 04/12/2024 Ej.2 120000.00 14/05/2013 Libro   DEWEY     Libro   Bodega Bodega 5to piso 14/05/2013 17 Compra 120000.00